Evaluación de los servicios sociales
-д хадгалсан:
| Үндсэн зохиолч: | |
|---|---|
| Формат: | Ном |
| Хэл сонгох: | испани |
| Хэвлэсэн: |
Barcelona
Gedisa
2004
|
| Хэвлэл: | 1a. ed |
| Цуврал: | Biblioteca de Educación, 4
|
| Нөхцлүүд: | |
| Шошгууд: |
Шошго нэмэх
Шошго байхгүй, Энэхүү баримтыг шошголох эхний хүн болох!
|
MARC
| LEADER | 00000cam a2200000 a 4500 | ||
|---|---|---|---|
| 001 | UCL7070 | ||
| 003 | CL-VaPUC | ||
| 008 | 040430e20040000SP |||||||||||||||||spa|d | ||
| 020 | |a 8497840038 | ||
| 082 | 0 | 4 | |a 361 |b GOM |2 21 |
| 100 | |a Gómez Serra, Miquel |e author |9 595808 | ||
| 245 | 1 | 0 | |a Evaluación de los servicios sociales |
| 250 | |a 1a. ed | ||
| 300 | |a 284 p | ||
| 942 | |c BK | ||
| 945 | |d 20040430 00:00:00 |a cmena | ||
| 260 | |a Barcelona |b Gedisa |c 2004 | ||
| 650 | 0 | |a Servicios sociales |9 338304 | |
| 650 | 0 | |a Trabajo social |9 307856 | |
| 650 | 7 | |a PROGRAMAS SOCIALES |2 CL-VaPUC |9 324718 | |
| 650 | 0 | |a Problemas sociales |9 258537 | |
| 650 | 0 | |a Evaluación de proyectos |9 259341 | |
| 583 | |a last modification |c 20130704 02:39:56 |k Rodrigo Vera | ||
| 490 | 0 | |a Biblioteca de Educación, 4 | |
| 999 | |c 308933 |d 308931 | ||
| 952 | |0 0 |1 0 |4 0 |6 361_000000000000000_GOM_2004 |7 0 |8 A |9 375906 |a BIBGIM |b BIBGIM |d 2019-11-21 |i 4012887 |o 361 GOM 2004 |p 4012887 |r 2025-01-15 |w 2019-11-21 |y BK |k SSL | ||
| 952 | |0 0 |1 0 |4 0 |6 361_000000000000000_GOM_2004 |7 0 |8 A |9 375907 |a BIBGIM |b BIBGIM |d 2019-11-21 |i 4988264 |o 361 GOM 2004 |p 4988264 |r 2025-01-15 |w 2019-11-21 |y BK |k SSL | ||
| 952 | |0 0 |1 0 |3 erb |4 0 |6 361_000000000000000_GOM_2004 |7 0 |8 A |9 375908 |a BIBGIM |b BIBGIM |i 5286735 |o 361 GOM 2004 |p 5286735 |r 2025-01-15 |w 2019-11-21 |y BK |z Catalogado en:20160512 |k SSL | ||
| 952 | |0 0 |1 0 |3 erb |4 0 |6 361_000000000000000_GOM_2004 |7 0 |8 A |9 375909 |a BIBGIM |b BIBGIM |i 5286743 |o 361 GOM 2004 |p 5286743 |r 2025-01-15 |w 2019-11-21 |y BK |z Catalogado en:20160512 |k SSL | ||